Золь-гель технологии. Нанодисперсный кремнезем

Bibliografische gegevens
Hoofdauteur: Шабанова Н. А. Надежда Антоновна
Andere auteurs: Саркисов П. Д. Павел Джибраелович
Samenvatting:Монография обобщает научный и практический опыт, накопленный в области химии и технологии нанодисперсного кремнезема в нашей стране и в мировой практике. Внимание авторов направлено на рассмотрение коллоидно-химических основ золь-гель технологий синтеза гибридных органо-неорганических наночастиц и пористых материалов, частиц с полой структурой, легированных оксидами элементов и металлами, покрытий, мембран, объемных непористых тел. Анализ различных вариантов проведения золь-гель процесса представлен с учетом реакционной способности кремнезема, современных теорий фазообразования и агрегативной устойчивости дисперсных систем. Приведены рецептуры и основные технологические параметры золь-гель синтеза функциональных наноматериалов с различными параметрами состава, дисперсности, пористости, структуры и морфологии. Для широкого круга научных работников, специалистов-практиков различных отраслей промышленности, студентов и аспирантов, занимающихся синтезом наносистем.
Taal:Russisch
Gepubliceerd in: Москва, БИНОМ. Лаборатория знаний, 2012
Reeks:Нанотехнологии
Onderwerpen:
Formaat: MixedMaterials Boek
KOHA link:https://koha.lib.tpu.ru/cgi-bin/koha/opac-detail.pl?biblionumber=235506

MARC

LEADER 00000nam0a2200000 4500
001 235506
005 20231101231414.0
010 |a 9785996305216 
035 |a (RuTPU)RU\TPU\book\256643 
090 |a 235506 
100 |a 20130411d2012 k y0rusy50 ca 
101 0 |a rus 
102 |a RU 
105 |a a z 001zy 
200 1 |a Золь-гель технологии. Нанодисперсный кремнезем  |f Н. А. Шабанова, П. Д. Саркисов 
210 |a Москва  |c БИНОМ. Лаборатория знаний  |d 2012 
215 |a 328 с.  |c ил. 
225 1 |a Нанотехнологии 
320 |a Библиогр.: с. 279-328. 
330 |a Монография обобщает научный и практический опыт, накопленный в области химии и технологии нанодисперсного кремнезема в нашей стране и в мировой практике. Внимание авторов направлено на рассмотрение коллоидно-химических основ золь-гель технологий синтеза гибридных органо-неорганических наночастиц и пористых материалов, частиц с полой структурой, легированных оксидами элементов и металлами, покрытий, мембран, объемных непористых тел. Анализ различных вариантов проведения золь-гель процесса представлен с учетом реакционной способности кремнезема, современных теорий фазообразования и агрегативной устойчивости дисперсных систем. Приведены рецептуры и основные технологические параметры золь-гель синтеза функциональных наноматериалов с различными параметрами состава, дисперсности, пористости, структуры и морфологии. Для широкого круга научных работников, специалистов-практиков различных отраслей промышленности, студентов и аспирантов, занимающихся синтезом наносистем. 
606 1 |a Золь-гель  |2 stltpush  |3 (RuTPU)RU\TPU\subj\32355  |9 54929 
610 1 |a кремниевые кислоты 
610 1 |a поликонденсация 
610 1 |a кинетика 
610 1 |a водные растворы 
610 1 |a алкоксиды кремния 
610 1 |a гидролиз 
610 1 |a гелеобразование 
610 1 |a щелочные силикаты 
610 1 |a нанодисперсный кремнезем 
610 1 |a золи 
610 1 |a синтез 
610 1 |a концентрирование 
610 1 |a модифицирование 
610 1 |a коллоидный кремнезем 
610 1 |a агрегативная устойчивость 
610 1 |a гетерогенные среды 
610 1 |a золь-гель процессы 
610 1 |a пористые материалы 
610 1 |a порошки 
675 |a 661.68  |v 3 
700 1 |a Шабанова  |b Н. А.  |g Надежда Антоновна 
701 1 |a Саркисов  |b П. Д.  |g Павел Джибраелович 
801 1 |a RU  |b 63413507  |c 20130411 
801 2 |a RU  |b 63413507  |c 20150709  |g RCR 
900 |a Нанотехнологии 
900 |a Технологические процессы консолидации объемных наноматериалов и производства изделий 
942 |c BK 
959 |a 66/20130405  |d 5  |e 330,00  |f ЧЗТЛ:1  |f АНЛ:1  |f УФ:3